[Event "Montreal Pere Noel op"]
[Site "Montreal"]
[Date "2023.12.29"]
[Round "3"]
[White "Gagnon, Serge"]
[Black "Nardone, Raul"]
[Result "1-0"]
[WhiteElo "2006"]
[BlackElo "1669"]
[PlyCount "95"]
[EventDate "2023.12.27"]
[EventType "swiss"]
[EventRounds "5"]
[EventCountry "CAN"]
[SourceTitle "CBM 218 Extra"]
[Source "ChessBase"]
[SourceDate "2024.03.31"]
[SourceVersion "1"]
[SourceVersionDate "2024.03.31"]
[SourceQuality "1"]

1. d4 f5 2. c4 Nf6 3. Nc3 g6 4. Bf4 d6 5. Nf3 Bg7 6. Qc2 0-0 7. 0-0-0 Na6 8. e3 c6 9. h4 Nh5 10. Be2 Qe8 11. Bh2 Kh8 12. Ng5 Nf6 13. Bf3 h6 14. Nh3 Be6 15. Qe2 Rc8 16. Kb1 Nc7 17. Nf4 Bf7 18. g4 e5 19. Nh3 fxg4 20. Bxg4 Nxg4 21. Qxg4 Be6 22. Qg2 exd4 23. exd4 Bf5+ 24. Ka1 Bxh3 25. Qxh3 Rxf2 26. Bxd6 Na6 27. Rhe1 Qg8 28. Re7 Rcf8 29. Qd3 R2f7 30. Qxg6 Rxe7 31. Bxe7 Rf7 32. Bd6 Rf6 33. Qg3 Rf7 34. Rg1 Qe8 35. Qg4 Bf6 36. a3 Rg7 37. Qd1 Rxg1 38. Qxg1 Qg8 39. Qe3 Kh7 40. Ne2 Qxc4 41. Qe4+ Kh8 42. h5 Qf7 43. Nf4 Kg7 44. Ng6 Qc4 45. Bf8+ Kg8 46. Bxh6 Qf1+ 47. Ka2 Qc4+ 48. b3 1-0

[Event "Montreal Mercredi 05"]
[Site "Montreal"]
[Date "2019.05.24"]
[Round "5"]
[White "Audet, Eric"]
[Black "Nardone, Raul"]
[Result "1/2-1/2"]
[WhiteElo "1829"]
[BlackElo "1765"]
[PlyCount "56"]
[EventDate "2019.05.08"]
[EventType "swiss"]
[EventRounds "5"]
[EventCountry "CAN"]
[SourceTitle "EXT 2022"]
[Source "ChessBase"]
[SourceDate "2021.10.06"]
[SourceVersion "1"]
[SourceVersionDate "2021.10.06"]
[SourceQuality "1"]

1. e4 c5 2. Nf3 e6 3. d4 cxd4 4. Nxd4 a6 5. c4 Nf6 6. Bd3 Qc7 7. Nc3 Bd6 8. h3 Nc6 9. Nxc6 bxc6 10. Be3 Rb8 11. Rb1 c5 12. 0-0 Bh2+ 13. Kh1 h5 14. f4 Bg3 15. Ne2 h4 16. Nxg3 hxg3 17. Qf3 Nh5 18. e5 Bb7 19. Be4 Bxe4 20. Qxe4 g6 21. Qf3 0-0 22. b3 Rfc8 23. Rbd1 Rb6 24. Rd3 Rb7 25. Rfd1 Rd8 26. R1d2 Ra7 27. Rd6 Ng7 28. R6d3 Nf5 1/2-1/2

[Event "Montreal Mercredi 05"]
[Site "Montreal"]
[Date "2019.05.15"]
[Round "2"]
[White "Nardone, Raul"]
[Black "Guipi Bopala, Prince Eric Jr"]
[Result "1/2-1/2"]
[WhiteElo "1765"]
[BlackElo "1824"]
[PlyCount "69"]
[EventDate "2019.05.08"]
[EventType "swiss"]
[EventRounds "5"]
[EventCountry "CAN"]
[SourceTitle "EXT 2022"]
[Source "ChessBase"]
[SourceDate "2021.10.06"]
[SourceVersion "1"]
[SourceVersionDate "2021.10.06"]
[SourceQuality "1"]

1. Nf3 d5 2. d4 e6 3. Bg5 Be7 4. Bxe7 Qxe7 5. c3 Nf6 6. g3 0-0 7. Bg2 b6 8. 0-0 Bb7 9. Ne5 Nbd7 10. f4 c5 11. e3 Rac8 12. Na3 Rfd8 13. Nc2 Ne4 14. Ne1 Ndf6 15. N1d3 h6 16. a4 a6 17. Nf2 Nxf2 18. Rxf2 Ne4 19. Rc2 b5 20. axb5 axb5 21. Ra7 Qc7 22. Qa1 Ra8 23. Rxa8 Rxa8 24. Qc1 Qd6 25. Nd3 c4 26. Nb4 Qb6 27. Qe1 Qc7 28. Rc1 Qa5 29. Bxe4 dxe4 30. Kg2 Bd5 31. Qf2 f5 32. Qe2 Qc7 33. h4 Qf7 34. Kf2 h5 35. Qd1 1/2-1/2

[Event "Montreal Mercredi 04"]
[Site "Montreal"]
[Date "2019.04.10"]
[Round "2"]
[White "Nardone, Raul"]
[Black "Guipi Bopala, Prince Eric Jr"]
[Result "0-1"]
[WhiteElo "1805"]
[BlackElo "1843"]
[PlyCount "58"]
[EventDate "2019.04.03"]
[EventType "swiss"]
[EventRounds "5"]
[EventCountry "CAN"]
[SourceTitle "EXT 2022"]
[Source "ChessBase"]
[SourceDate "2021.10.06"]
[SourceVersion "1"]
[SourceVersionDate "2021.10.06"]
[SourceQuality "1"]

1. e4 e5 2. Nf3 Nc6 3. Bc4 Bc5 4. 0-0 Nf6 5. d4 Bxd4 6. Nxd4 Nxd4 7. f4 d6 8. fxe5 dxe5 9. Bg5 Qe7 10. Bxf6 gxf6 11. c3 Ne6 12. Na3 Bd7 13. Kh1 0-0-0 14. Qf3 Bc6 15. Qe3 Kb8 16. b4 b6 17. Be2 Nf4 18. Rad1 f5 19. Bf3 fxe4 20. Bxe4 Bxe4 21. Qxe4 Rxd1 22. Rxd1 Rd8 23. Rxd8+ Qxd8 24. h3 Qd1+ 25. Kh2 Ne2 26. Qe3 f5 27. h4 f4 28. Qf2 e4 29. Kh3 e3 0-1

[Event "Montreal Mercredi 10"]
[Site "Montreal"]
[Date "2018.10.31"]
[Round "4"]
[White "Gates, Claude Eric"]
[Black "Nardone, Raul"]
[Result "1-0"]
[WhiteElo "1765"]
[BlackElo "1777"]
[PlyCount "65"]
[EventDate "2018.10.10"]
[EventType "swiss"]
[EventRounds "5"]
[EventCountry "CAN"]
[SourceTitle "EXT 2022"]
[Source "ChessBase"]
[SourceDate "2021.10.06"]
[SourceVersion "1"]
[SourceVersionDate "2021.10.06"]
[SourceQuality "1"]

1. d4 Nf6 2. c4 g6 3. Nc3 Bg7 4. e4 d6 5. f3 0-0 6. Be3 Nc6 7. Nge2 e5 8. d5 Ne7 9. Qd2 c6 10. 0-0-0 cxd5 11. cxd5 Bd7 12. g4 Bxg4 13. fxg4 Nxg4 14. Ng3 Nxe3 15. Qxe3 Qa5 16. Kb1 a6 17. h4 b5 18. h5 b4 19. Nce2 Rac8 20. Nc1 Qc7 21. Bxa6 Qc2+ 22. Ka1 Ra8 23. Qd3 Qa4 24. Bc4 Nc8 25. Bb3 Qa5 26. hxg6 fxg6 27. Rdg1 Na7 28. Nf5 gxf5 29. Qh3 Rf7 30. Qxh7+ Kf8 31. Rxg7 Rxg7 32. Qxf5+ Rf7 33. Rh8+ 1-0

[Event "Montreal Mercredi 10"]
[Site "Montreal"]
[Date "2018.10.10"]
[Round "1"]
[White "Dumouchel, Alain"]
[Black "Nardone, Raul"]
[Result "1-0"]
[WhiteElo "1816"]
[BlackElo "1777"]
[PlyCount "82"]
[EventDate "2018.10.10"]
[EventType "swiss"]
[EventRounds "5"]
[EventCountry "CAN"]
[SourceTitle "EXT 2022"]
[Source "ChessBase"]
[SourceDate "2021.10.06"]
[SourceVersion "1"]
[SourceVersionDate "2021.10.06"]
[SourceQuality "1"]

1. d4 Nf6 2. Bf4 e6 3. e3 b6 4. Nf3 Bb7 5. Bd3 Be7 6. 0-0 Nh5 7. Bg3 Nxg3 8. hxg3 c5 9. c3 h5 10. Nbd2 d6 11. Re1 Nd7 12. a4 g5 13. a5 g4 14. Nh2 Nf6 15. Bb5+ Kf8 16. a6 Bc8 17. e4 Bd7 18. Qa4 Bxb5 19. Qxb5 Qd7 20. Qd3 Qc7 21. Nhf1 Kg7 22. d5 Rh6 23. Nc4 Rah8 24. dxe6 fxe6 25. Rad1 Rd8 26. Nce3 Kf7 27. Qc4 d5 28. exd5 exd5 29. Rxd5 Nxd5 30. Nxd5 b5 31. Rxe7+ Qxe7 32. Qf4+ Rf6 33. Qg5 Rxd5 34. Qxd5+ Kg6 35. Qd3+ Kh6 36. Ne3 Qe5 37. Qxb5 Kg5 38. Qb7 Rb6 39. Qxa7 Rxb2 40. Qh7 Rb8 41. a7 Rf8 1-0

[Event "Montreal Mercredi 05"]
[Site "Montreal"]
[Date "2018.05.16"]
[Round "2"]
[White "Nardone, Raul"]
[Black "Abdelaal, Ibrahim"]
[Result "0-1"]
[WhiteElo "1856"]
[BlackElo "1827"]
[PlyCount "122"]
[EventDate "2018.05.09"]
[EventType "swiss"]
[EventRounds "5"]
[EventCountry "CAN"]
[SourceTitle "EXT 2022"]
[Source "ChessBase"]
[SourceDate "2021.10.06"]
[SourceVersion "1"]
[SourceVersionDate "2021.10.06"]
[SourceQuality "1"]

1. e4 d5 2. exd5 Nf6 3. Bb5+ Bd7 4. Bc4 b5 5. Bb3 Bc8 6. d4 Bb7 7. Nf3 Nxd5 8. 0-0 e6 9. Nc3 b4 10. Ba4+ Bc6 11. Bxc6+ Nxc6 12. Ne4 Be7 13. Qe2 0-0 14. Rd1 Nf6 15. Neg5 Qd5 16. Nh3 Qe4 17. Qxe4 Nxe4 18. Bf4 Rac8 19. Re1 Nf6 20. Rad1 Rfd8 21. Rd3 h6 22. Be3 g5 23. Ne5 Nxe5 24. dxe5 Rxd3 25. cxd3 Nd5 26. Bd2 Rd8 27. Kf1 Kg7 28. Ke2 f5 29. Rc1 c5 30. f3 a5 31. Rc2 Kg6 32. g4 Rf8 33. Rc4 h5 34. gxh5+ Kxh5 35. Nf2 Kg6 36. Rc1 Rh8 37. h3 Rh4 38. Rc4 Rh8 39. Rc1 a4 40. Rc4 Rd8 41. Be3 Nxe3 42. Kxe3 Rd5 43. d4 cxd4+ 44. Kd2 Rxe5 45. Nd3 Rb5 46. Rc7 Bf6 47. Rc6 e5 48. Nc5 Kf7 49. Nxa4 e4 50. fxe4 fxe4 51. Nc5 e3+ 52. Kd3 Ra5 53. Ne4 Be7 54. Rc7 Rxa2 55. Nxg5+ Ke8 56. Ne6 Rxb2 57. Nxd4 Bg5 58. Rc5 Rd2+ 59. Kc4 Bf6 60. Nf3 e2 61. Rd5 Rxd5 0-1

[Event "Montreal Mercredi 04"]
[Site "Montreal"]
[Date "2018.04.04"]
[Round "1"]
[White "Nardone, Raul"]
[Black "Gates, Claude Eric"]
[Result "1/2-1/2"]
[WhiteElo "1807"]
[BlackElo "1749"]
[PlyCount "58"]
[EventDate "2018.04.04"]
[EventType "swiss"]
[EventRounds "5"]
[EventCountry "CAN"]
[SourceTitle "EXT 2022"]
[Source "ChessBase"]
[SourceDate "2021.10.06"]
[SourceVersion "1"]
[SourceVersionDate "2021.10.06"]
[SourceQuality "1"]

1. d4 Nf6 2. Nf3 d5 3. Bf4 Bf5 4. e3 e6 5. Be2 Be7 6. 0-0 0-0 7. c4 dxc4 8. Bxc4 c6 9. Nc3 Nbd7 10. Qe2 Rc8 11. Rfd1 Bg4 12. h3 Bxf3 13. Qxf3 Re8 14. e4 b5 15. Bf1 b4 16. Ne2 Nf8 17. Ng3 Ng6 18. Be3 Qa5 19. e5 Nd5 20. Ne4 Qd8 21. Rac1 c5 22. dxc5 Nxe5 23. Qg3 Ng6 24. Bg5 Qa5 25. Nd6 Bxd6 26. cxd6 Qa4 27. Rxc8 Rxc8 28. Rc1 Rxc1 29. Bxc1 Qc6 1/2-1/2

[Event "Montreal Mercredi 02"]
[Site "Montreal"]
[Date "2018.03.14"]
[Round "4"]
[White "Jean, Robert"]
[Black "Nardone, Raul"]
[Result "1/2-1/2"]
[WhiteElo "1736"]
[BlackElo "1762"]
[PlyCount "86"]
[EventDate "2018.02.21"]
[EventType "swiss"]
[EventRounds "5"]
[EventCountry "CAN"]
[SourceTitle "EXT 2022"]
[Source "ChessBase"]
[SourceDate "2021.10.06"]
[SourceVersion "1"]
[SourceVersionDate "2021.10.06"]
[SourceQuality "1"]

1. d4 Nf6 2. c4 g6 3. Nc3 Bg7 4. e4 d6 5. Be2 0-0 6. Bg5 Nc6 7. d5 Ne5 8. h3 a5 9. Nf3 Nxf3+ 10. Bxf3 Nd7 11. 0-0 b6 12. Qd2 Ba6 13. Be2 Re8 14. Rad1 Nc5 15. f3 Bc8 16. Nb5 Bd7 17. Nd4 Qc8 18. Kh2 e5 19. Nb3 Ba4 20. Qc3 Bd7 21. Nxc5 bxc5 22. Qd2 Qb7 23. Bd3 Reb8 24. Rf2 Qb4 25. Qc2 Ba4 26. b3 Bd7 27. Bd2 Qb7 28. Rb1 Qc8 29. a4 Qf8 30. Qc1 f5 31. Qe1 f4 32. Bxa5 Rb7 33. Ra2 Bf6 34. Bd2 Qh6 35. Bf1 Bh4 36. Qd1 Bg3+ 37. Kh1 Qh4 38. Be1 Bxe1 39. Qxe1 Qxe1 40. Rxe1 Rxb3 41. a5 Ra6 42. Kg1 Bc8 43. Kf2 Ra8 1/2-1/2

[Event "Montreal Mercredi 11"]
[Site "Montreal"]
[Date "2017.11.29"]
[Round "3"]
[White "Jean, Robert"]
[Black "Nardone, Raul"]
[Result "1/2-1/2"]
[WhiteElo "1784"]
[BlackElo "1768"]
[PlyCount "55"]
[EventDate "2017.11.15"]
[EventType "swiss"]
[EventRounds "5"]
[EventCountry "CAN"]
[SourceTitle "EXT 2022"]
[Source "ChessBase"]
[SourceDate "2021.10.06"]
[SourceVersion "1"]
[SourceVersionDate "2021.10.06"]
[SourceQuality "1"]

1. d4 f5 2. Bg5 g6 3. h4 h6 4. Bf4 Nf6 5. e3 Bg7 6. Nf3 d6 7. Bc4 Bd7 8. Nc3 c6 9. a4 Qa5 10. Nd2 Na6 11. Nb3 Qc7 12. a5 Nb4 13. Nc5 Qc8 14. Nxd7 Qxd7 15. Qe2 Nbd5 16. Bg3 Nxc3 17. bxc3 Ne4 18. Qd3 Nxg3 19. fxg3 d5 20. Bb3 Qc7 21. Kf2 Rf8 22. c4 e6 23. cxd5 exd5 24. c4 dxc4 25. Bxc4 Rd8 26. Ra2 Qe7 27. Re1 Qe4 28. Ree2 1/2-1/2

[Event "Montreal Mercredi 11"]
[Site "Montreal"]
[Date "2017.11.22"]
[Round "2"]
[White "Nardone, Raul"]
[Black "Brassard, Sylvain"]
[Result "0-1"]
[WhiteElo "1768"]
[BlackElo "1785"]
[PlyCount "86"]
[EventDate "2017.11.15"]
[EventType "swiss"]
[EventRounds "5"]
[EventCountry "CAN"]
[SourceTitle "EXT 2022"]
[Source "ChessBase"]
[SourceDate "2021.10.06"]
[SourceVersion "1"]
[SourceVersionDate "2021.10.06"]
[SourceQuality "1"]

1. e4 Nf6 2. e5 Nd5 3. c4 Nb6 4. d4 d6 5. exd6 cxd6 6. Be3 g6 7. Bd3 Bg7 8. Ne2 Nc6 9. a3 0-0 10. Nbc3 Bg4 11. f3 Bf5 12. Bxf5 Nxc4 13. Bf2 gxf5 14. b3 Nb6 15. 0-0 e6 16. Qd3 d5 17. Rad1 Qe7 18. a4 Rac8 19. Kh1 Kh8 20. Rfe1 Rg8 21. f4 Bf6 22. Ng3 Qc7 23. Nh5 Be7 24. Qh3 Qd8 25. Rd3 Rg4 26. Qf3 Nb4 27. Rd2 Nd7 28. h3 Rg6 29. g4 fxg4 30. hxg4 Nf6 31. Nxf6 Bxf6 32. Bg3 Bh4 33. Rh2 Bxg3 34. Qxg3 Qg8 35. g5 f6 36. Qh3 fxg5 37. fxg5 Rxg5 38. Nb5 Rf8 39. Nxa7 Rg3 40. Qh5 Nd3 41. Qe2 Nxe1 42. Qxe1 Qg7 43. Nb5 Rff3 0-1

[Event "Montreal Mercredi 10"]
[Site "Montreal"]
[Date "2017.11.08"]
[Round "5"]
[White "Nardone, Raul"]
[Black "Barko, Maxim"]
[Result "0-1"]
[WhiteElo "1794"]
[BlackElo "1842"]
[PlyCount "80"]
[EventDate "2017.10.11"]
[EventType "swiss"]
[EventRounds "5"]
[EventCountry "CAN"]
[SourceTitle "EXT 2022"]
[Source "ChessBase"]
[SourceDate "2021.10.06"]
[SourceVersion "1"]
[SourceVersionDate "2021.10.06"]
[SourceQuality "1"]

1. e4 c5 2. Nf3 Nc6 3. d4 cxd4 4. Nxd4 Nf6 5. Nc3 e5 6. Ndb5 d6 7. Nd5 Nxd5 8. exd5 Ne7 9. c4 a6 10. Nc3 g6 11. Bg5 Bg7 12. Ne4 Qa5+ 13. b4 Qxb4+ 14. Bd2 Qb6 15. Rb1 Qc7 16. Bb4 0-0 17. Bxd6 Qd8 18. Bb4 Bf5 19. Bd3 Bxe4 20. Bxe4 Re8 21. 0-0 Rc8 22. Qb3 Nf5 23. Bxf5 gxf5 24. c5 e4 25. Rbd1 f4 26. d6 Qd7 27. Qh3 f5 28. Rd5 Rf8 29. Rc1 Rf6 30. Bc3 Rh6 31. Qxf5 Qxf5 32. Rxf5 Bxc3 33. Rd1 e3 34. d7 Rd8 35. fxe3 fxe3 36. Kf1 Rxh2 37. Rd6 Rh1+ 38. Ke2 Re1+ 39. Kd3 Bg7 40. Kc4 e2 0-1

[Event "Montreal Mercredi 10"]
[Site "Montreal"]
[Date "2017.10.25"]
[Round "3"]
[White "O'Connor, Michael"]
[Black "Nardone, Raul"]
[Result "1/2-1/2"]
[WhiteElo "1802"]
[BlackElo "1794"]
[PlyCount "58"]
[EventDate "2017.10.11"]
[EventType "swiss"]
[EventRounds "5"]
[EventCountry "CAN"]
[SourceTitle "EXT 2022"]
[Source "ChessBase"]
[SourceDate "2021.10.06"]
[SourceVersion "1"]
[SourceVersionDate "2021.10.06"]
[SourceQuality "1"]

1. Nf3 d5 2. d4 c6 3. c4 e6 4. Nc3 f5 5. Qc2 Be7 6. Bf4 Nf6 7. e3 0-0 8. Nd2 Ne4 9. f3 Nxc3 10. Qxc3 a5 11. a3 Kh8 12. Bd3 Bh4+ 13. Bg3 Bg5 14. Bxb8 Rxb8 15. f4 Bf6 16. Nf3 c5 17. Ne5 Bxe5 18. fxe5 b5 19. cxb5 c4 20. Bc2 Rxb5 21. 0-0 Rb8 22. Rf2 Qb6 23. Rb1 Bd7 24. b3 cxb3 25. Rxb3 Qa7 26. Rxb8 Rxb8 27. Bd3 Rc8 28. Qb3 Rb8 29. Qc3 Rc8 1/2-1/2

[Event "Montreal Mercredi 10"]
[Site "Montreal"]
[Date "2017.10.18"]
[Round "2"]
[White "Nardone, Raul"]
[Black "Gates, Claude Eric"]
[Result "1/2-1/2"]
[WhiteElo "1794"]
[BlackElo "1821"]
[PlyCount "114"]
[EventDate "2017.10.11"]
[EventType "swiss"]
[EventRounds "5"]
[EventCountry "CAN"]
[SourceTitle "EXT 2022"]
[Source "ChessBase"]
[SourceDate "2021.10.06"]
[SourceVersion "1"]
[SourceVersionDate "2021.10.06"]
[SourceQuality "1"]

1. Nf3 Nf6 2. c4 c5 3. Nc3 g6 4. g3 Bg7 5. Bg2 0-0 6. 0-0 d6 7. d3 Bd7 8. Rb1 Nc6 9. a3 a5 10. h3 Qc8 11. Kh2 Re8 12. Bg5 e5 13. Bxf6 Bxf6 14. Nd5 Qd8 15. Nd2 Bg7 16. Ne4 Be6 17. Nec3 Rb8 18. Nb5 Bxd5 19. Bxd5 Ne7 20. Bg2 Qd7 21. Nc3 Kh8 22. Nd5 f5 23. b4 Nxd5 24. Bxd5 axb4 25. axb4 e4 26. dxe4 fxe4 27. e3 b5 28. Qc2 bxc4 29. Qxc4 Qf5 30. b5 h5 31. Bc6 Be5 32. Qe2 Rf8 33. f4 exf3 34. Bxf3 Qg5 35. Rg1 h4 36. Rbf1 Bxg3+ 37. Kh1 Rbe8 38. Qb2+ Kh7 39. Bc6 Rb8 40. Qb3 Qe5 41. Qd3 Qe6 42. Bg2 c4 43. Qd5 Qxd5 44. Bxd5 Rxf1 45. Rxf1 Rxb5 46. Bxc4 Re5 47. Rf3 Rc5 48. Be6 Rc1+ 49. Kg2 Rc2+ 50. Kf1 Rc5 51. e4 Rc2 52. Rf7+ Kh6 53. Rf3 Be5 54. Rf7 g5 55. Bf5 Bg7 56. Re7 Rd2 57. e5 Rd4 1/2-1/2

[Event "Montreal Mercredi 08"]
[Site "Montreal"]
[Date "2017.09.27"]
[Round "5"]
[White "Chang, Alexander Rz"]
[Black "Nardone, Raul"]
[Result "1/2-1/2"]
[WhiteElo "1829"]
[BlackElo "1845"]
[PlyCount "91"]
[EventDate "2017.08.30"]
[EventType "swiss"]
[EventRounds "5"]
[EventCountry "CAN"]
[SourceTitle "EXT 2022"]
[Source "ChessBase"]
[SourceDate "2021.10.06"]
[SourceVersion "1"]
[SourceVersionDate "2021.10.06"]
[SourceQuality "1"]

1. e4 c5 2. Nf3 a6 3. d4 cxd4 4. Nxd4 Nf6 5. Bd3 e5 6. Nb3 d5 7. Bg5 Be7 8. exd5 Nxd5 9. Bxe7 Nxe7 10. 0-0 Bf5 11. Bxf5 Qxd1 12. Rxd1 Nxf5 13. Re1 Nc6 14. Nc3 0-0-0 15. Rad1 Rxd1 16. Rxd1 Nfd4 17. Nxd4 exd4 18. Ne2 Rd8 19. c3 dxc3 20. Rxd8+ Kxd8 21. Nxc3 Kd7 22. Kf1 f5 23. Ke2 Kd6 24. Ke3 Ne5 25. f3 b5 26. b3 Kc5 27. Kf4 Nd3+ 28. Kxf5 Kb4 29. Nb1 Nc1 30. f4 Nxa2 31. Ke6 Kxb3 32. f5 Nb4 33. g4 Nd3 34. g5 b4 35. f6 Nf4+ 36. Kf5 gxf6 37. gxf6 Ng6 38. f7 Kc2 39. Kf6 Kxb1 40. Kg7 Kc2 41. h4 b3 42. h5 Nf4 43. Kf6 Nxh5+ 44. Ke5 b2 45. f8Q b1Q 46. Qc5+ 1/2-1/2

[Event "Montreal Mercredi 08"]
[Site "Montreal"]
[Date "2017.09.06"]
[Round "2"]
[White "Nesterov, Timour"]
[Black "Nardone, Raul"]
[Result "1-0"]
[WhiteElo "1898"]
[BlackElo "1845"]
[PlyCount "97"]
[EventDate "2017.08.30"]
[EventType "swiss"]
[EventRounds "5"]
[EventCountry "CAN"]
[SourceTitle "EXT 2022"]
[Source "ChessBase"]
[SourceDate "2021.10.06"]
[SourceVersion "1"]
[SourceVersionDate "2021.10.06"]
[SourceQuality "1"]

1. d4 f5 2. c4 e6 3. Nc3 Nf6 4. g3 d5 5. Bg2 c6 6. Nf3 Bd6 7. cxd5 cxd5 8. 0-0 Nc6 9. b3 a6 10. Bb2 0-0 11. Rc1 Bd7 12. Na4 b6 13. h3 Na5 14. Nc3 Nc6 15. e3 b5 16. Ne2 b4 17. Nf4 Na7 18. Nd3 Bb5 19. Re1 Bxd3 20. Qxd3 Nb5 21. Ne5 Ne4 22. Rc2 Nbc3 23. a3 a5 24. Kh2 Qg5 25. h4 Qh6 26. f3 Nc5 27. dxc5 Bxe5 28. f4 Bf6 29. Bxc3 bxc3 30. Rb1 Rab8 31. b4 axb4 32. axb4 Qh5 33. b5 Rfc8 34. c6 Qe8 35. Rcc1 Rb6 36. Bf3 Qe7 37. Kh3 Qc5 38. g4 g6 39. gxf5 gxf5 40. Rg1+ Kf7 41. Bh5+ Ke7 42. Be2 Rc7 43. Ra1 c2 44. Rac1 Qd6 45. Rxc2 Ra7 46. Rgc1 Rc7 47. Ra2 Kf7 48. Rg1 Qe7 49. Bh5+ 1-0

[Event "Montreal Mercredi 08"]
[Site "Montreal"]
[Date "2017.08.30"]
[Round "1"]
[White "Nardone, Raul"]
[Black "Zumsteg, Nicolas"]
[Result "0-1"]
[WhiteElo "1845"]
[BlackElo "1811"]
[PlyCount "70"]
[EventDate "2017.08.30"]
[EventType "swiss"]
[EventRounds "5"]
[EventCountry "CAN"]
[SourceTitle "EXT 2022"]
[Source "ChessBase"]
[SourceDate "2021.10.06"]
[SourceVersion "1"]
[SourceVersionDate "2021.10.06"]
[SourceQuality "1"]

1. d4 Nf6 2. Nf3 g6 3. Bg5 Bg7 4. e3 c5 5. c3 cxd4 6. exd4 d6 7. Bd3 0-0 8. 0-0 Nbd7 9. Re1 Re8 10. Bc4 b6 11. Nbd2 Bb7 12. Qb3 e6 13. Rad1 Qc7 14. Bb5 a6 15. Bxf6 Bxf6 16. Bxd7 Qxd7 17. Ne4 Be7 18. h4 b5 19. h5 gxh5 20. Qc2 f5 21. Ng3 h4 22. Nh5 h3 23. d5 Bxd5 24. Rxd5 exd5 25. Nd4 Bg5 26. Rd1 f4 27. Qf5 Qxf5 28. Nxf5 Re5 29. g4 fxg3 30. Nhxg3 Rae8 31. Rd4 R8e6 32. Rg4 Re1+ 33. Kh2 Rg6 34. f4 Bd8 35. Nh6+ Kf8 0-1

[Event "Montreal Mercredi 11"]
[Site "Montreal"]
[Date "2016.11.23"]
[Round "2"]
[White "Nardone, Raul"]
[Black "Brassard, Sylvain"]
[Result "1/2-1/2"]
[WhiteElo "1835"]
[BlackElo "1824"]
[PlyCount "61"]
[EventDate "2016.11.16"]
[EventType "swiss"]
[EventRounds "5"]
[EventCountry "CAN"]
[SourceTitle "EXT 2022"]
[Source "ChessBase"]
[SourceDate "2021.10.06"]
[SourceVersion "1"]
[SourceVersionDate "2021.10.06"]
[SourceQuality "1"]

1. e4 d5 2. exd5 Nf6 3. d4 Qxd5 4. Nc3 Qd6 5. Be2 a6 6. Nf3 Bg4 7. h3 Bh5 8. Be3 Nc6 9. Qd2 e6 10. Rd1 0-0-0 11. 0-0 h6 12. Bf4 Qd7 13. Ne5 Nxe5 14. Bxe5 Bxe2 15. Qxe2 Be7 16. a3 Rhg8 17. Qf3 Rdf8 18. Rfe1 Nd5 19. Nxd5 exd5 20. Qc3 Bd6 21. Bxd6 Qxd6 22. Re3 Re8 23. Rde1 Qd7 24. Qb3 c6 25. Qc3 Rxe3 26. Qxe3 Qc7 27. Qf3 Kd8 28. Qg4 Qd7 29. Qh4+ f6 30. Qf4 Kc8 31. Qe3 1/2-1/2

[Event "Montreal Mercredi 10"]
[Site "Montreal"]
[Date "2016.10.19"]
[Round "2"]
[White "Nardone, Raul"]
[Black "Lessard, Sylvain"]
[Result "1-0"]
[WhiteElo "1845"]
[BlackElo "1821"]
[PlyCount "69"]
[EventDate "2016.10.12"]
[EventType "swiss"]
[EventRounds "5"]
[EventCountry "CAN"]
[SourceTitle "EXT 2022"]
[Source "ChessBase"]
[SourceDate "2021.10.06"]
[SourceVersion "1"]
[SourceVersionDate "2021.10.06"]
[SourceQuality "1"]

1. d4 Nf6 2. Nf3 c5 3. g3 e6 4. Bg2 Nc6 5. 0-0 b6 6. c4 cxd4 7. Nxd4 Bb7 8. Nc3 Be7 9. Ndb5 Qb8 10. Bf4 e5 11. Bg5 0-0 12. Bxf6 Bxf6 13. Qxd7 Rd8 14. Qc7 Rc8 15. Qxb8 Raxb8 16. Nd6 Na5 17. Nxc8 Bxg2 18. Kxg2 Rxc8 19. Nd5 Bg5 20. h4 Bd8 21. b3 Nc6 22. Rfd1 f6 23. e3 Nb8 24. Rac1 Nd7 25. Ne7+ Bxe7 26. Rxd7 Ba3 27. Rcd1 a5 28. Rb7 a4 29. Rxb6 axb3 30. axb3 h6 31. Rd7 Kh7 32. Rxf6 Rb8 33. Rff7 Bf8 34. Rb7 Rc8 35. Kf3 1-0

[Event "Montreal Mercredi 08"]
[Site "Montreal"]
[Date "2016.09.28"]
[Round "5"]
[White "Cisse, Lamine"]
[Black "Nardone, Raul"]
[Result "0-1"]
[WhiteElo "1739"]
[BlackElo "1820"]
[PlyCount "100"]
[EventDate "2016.08.31"]
[EventType "swiss"]
[EventRounds "5"]
[EventCountry "CAN"]
[SourceTitle "EXT 2022"]
[Source "ChessBase"]
[SourceDate "2021.10.06"]
[SourceVersion "1"]
[SourceVersionDate "2021.10.06"]
[SourceQuality "1"]

1. e4 c5 2. Nf3 a6 3. d3 Nc6 4. g3 d6 5. Bg2 g6 6. Nc3 Bg7 7. Bg5 h6 8. Be3 Nd4 9. Qd2 Rb8 10. 0-0 b5 11. Bxd4 cxd4 12. Ne2 Qb6 13. Nh4 Nf6 14. h3 0-0 15. f4 e5 16. f5 g5 17. Nf3 Bb7 18. g4 Rbc8 19. Ng3 Rc6 20. Nh5 Nxh5 21. gxh5 f6 22. h4 Qd8 23. hxg5 hxg5 24. Bh3 Rc7 25. Bg4 d5 26. Rae1 dxe4 27. dxe4 Bh6 28. Rf2 Kh7 29. Ree2 Qe7 30. Ne1 Rfc8 31. a3 Rc4 32. b4 a5 33. bxa5 Qxa3 34. Rf3 Rc3 35. Qd1 Qxa5 36. Nd3 b4 37. Qb1 Ba6 38. Rd2 Bxd3 39. Rfxd3 Qc5 40. Qa2 Rc7 41. Bd1 g4 42. Rg2 Rxd3 43. cxd3 Be3+ 44. Kh1 Qc1 45. Qe2 Bg5 46. Rg1 Qe3 47. Qxe3 Bxe3 48. Rf1 g3 49. Bb3 Rc3 50. Bc4 Rc2 0-1

[Event "Montreal Mercredi 08"]
[Site "Montreal"]
[Date "2016.08.31"]
[Round "1"]
[White "Nardone, Raul"]
[Black "Fortin Lavoie, Patrice"]
[Result "1-0"]
[WhiteElo "1820"]
[BlackElo "1796"]
[PlyCount "157"]
[EventDate "2016.08.31"]
[EventType "swiss"]
[EventRounds "5"]
[EventCountry "CAN"]
[SourceTitle "EXT 2022"]
[Source "ChessBase"]
[SourceDate "2021.10.06"]
[SourceVersion "1"]
[SourceVersionDate "2021.10.06"]
[SourceQuality "1"]

1. d4 d5 2. Nf3 Nc6 3. Bf4 Bg4 4. Nbd2 Nf6 5. h3 Bh5 6. e3 a6 7. Be2 e6 8. 0-0 Bd6 9. Ne5 Bxe2 10. Qxe2 Ne7 11. Bg5 h6 12. Bxf6 gxf6 13. Ng4 Ng6 14. c4 h5 15. Nh2 Bxh2+ 16. Kxh2 Qd6+ 17. Kh1 Ke7 18. Rac1 Rag8 19. Nf3 Kd8 20. cxd5 exd5 21. Qc2 Ne7 22. e4 Qf4 23. Ne5 c6 24. Nxf7+ Kc8 25. Nxh8 Rxh8 26. Rce1 Rg8 27. Re3 Rg7 28. Qe2 h4 29. exd5 Nxd5 30. Re8+ Kc7 31. Re4 Qd6 32. f4 f5 33. Re5 Qg6 34. Rf3 Kb8 35. Re6 Qf7 36. Qe5+ Ka7 37. Qe2 Nf6 38. Re5 Ne4 39. b4 Ng3+ 40. Rxg3 Rxg3 41. Qc2 Qf8 42. Qc5+ Qxc5 43. dxc5 Ra3 44. Rxf5 Rxa2 45. Rh5 Ra4 46. Rxh4 Rxb4 47. Rg4 a5 48. f5 Rxg4 49. hxg4 a4 50. f6 a3 51. f7 a2 52. f8Q a1Q+ 53. Kh2 Qe5+ 54. Kh3 Qe3+ 55. Kh4 Qe1+ 56. g3 Qh1+ 57. Kg5 Qc1+ 58. Kg6 Qe3 59. g5 Qxg3 60. Qd6 Qe3 61. Qf8 Ka6 62. Kf6 Kb5 63. g6 Qf4+ 64. Kg7 Qc7+ 65. Kg8 b6 66. cxb6 Kxb6 67. Qb4+ Ka6 68. Qa4+ Kb6 69. Qb3+ Ka6 70. Qf7 Qc8+ 71. Kg7 c5 72. Qc4+ Kb6 73. Kf6 Qd8+ 74. Kf5 Qd7+ 75. Qe6+ Qxe6+ 76. Kxe6 c4 77. g7 c3 78. g8Q c2 79. Qc8 1-0